Jerusalemia lähimpänä sijaitsevat pääkaupungit - Statistics

Yleistilastot
  • Tätä visaa on pelattu 284 kertaa
  • Keskiarvotulos 16 / 20
Vastaukset kartalla
Vastauksille on annettu kartalla punavihreä väri sen mukaan, kuinka moni on saanut sen oikein.
 
Vastaustilastot
km Pääkaupunki % Oikein
932 Ankara
98%
430 Kairo
96%
1256 Ateena
93%
879 Bagdad
89%
1559 Teheran
89%
237 Beirut
86%
415 Nikosia
86%
1376 Riad
86%
1606 Sofia
86%
71 Amman
85%
217 Damaskos
81%
1736 Tirana
81%
1250 Kuwait
80%
1619 Bukarest
79%
1670 Skopje
76%
1253 Jerevan
75%
1628 Baku
74%
1396 Tbilisi
73%
1735 Pristina
72%
1616 Manama
57%
Ehtoja vastaavia visoja ei löytynyt
Tulosjakauma
Jokaisen tuloksen saaneiden osuus
Persentiili vastausten määrän mukaan
Tuloshistoriasi
Et ole pelannut tätä visaa